QCM Seconde Guerre mondiale. - Statistiques

Statistiques générales
  • Ce quiz a été pris 39 996 fois
    37 358 depuis la dernière actualisation
  • Le résultat moyen est 14 sur 20
Statistiques - réponses
Question Réponse % Correct
Qu'est-ce qui déclenche la Seconde Guerre mondiale? L'invasion de la Pologne par l'Allemagne
94%
Qui était le premier ministre de la Grande-Bretagne durant la guerre? Winston Churchill
91%
Qu'est-ce qui déclenche l'entrée en guerre des Etats-Unis? Le bombardement d'une de leur base du Pacifique par les Japonais
89%
Sur quelles villes furent larguées les bombes atomiques américaines? Hiroshima et Nagasaki
88%
En 1939, qui dirige l'URSS? Joseph Staline
85%
Quelle est la première bataille gagnée par les Américains dans le Pacifique depuis Pearl Harbor? La bataille de Midway
82%
Qu'est-ce que l'Anschluss? La prise du pouvoir en Autriche par les Allemands
82%
Quel jour a capitulé l'Allemagne? 8 mai 1945
80%
Quelle bataille a mis fin à l'avancée allemande en URSS? La bataille de Stalingrad
79%
A quelle date commence la Seconde Guerre mondiale? 1er septembre 1939
77%
Quel type de camp était le camp de Auschwitz-Birkenau? les deux
72%
Quand les Allemands envahissent-ils la France? 10 mai 1940
69%
Quand a eu lieu l'opération Overlord? 6 juin 1944
63%
En février 1945, où se sont retrouvés les trois Grands pour discuter du sort de l'Europe après la guerre? Yalta (URSS)
62%
Que s'est-il passé le 21 juin 1941? L'Allemagne envahit l'URSS
51%
Combien de morts a fait cette guerre? 50 millions
50%
Quand a lieu cet événement? 7 décembre 1941
50%
Qui en était le commandant? Eisenhower
47%
Quel président américain en a décidé l'utilisation? Harry S. Truman
42%
Parmi ceux-ci ,quel était le pourcentage de civil? 50%
16%
Aucun quiz correspondant
Distribution des résultats
% des personnes avec chaque résultat
Percentile par nombre de réponses
Votre historique - résultats
Vous n’avez pas pris ce quiz depuis la dernière actualisation